00990cam a2200253Mi 4500008004100000020002500041100001900066245010000085260006200185300003600247440002800283650002000311650003900331650002800370651004900398655002200447655002200469700002100491700001800512776017900530003000100709005001700710040000900727  a9781469622231 (pbk.)1 aKnipple, Paul.14aThe World in a Skilleth[electronic resource] :ba Food Lover's Tour of the New American South. aChapel Hill :bUniversity of North Carolina Press,c2012. axviii, 269 p. :bill. ;c28 cm. 0aEBSCO eBook collection. 4aHome Economics. 0aCooking, AmericanxSouthern style. 0aCooking, International. 0aSouthern StatesxEmigration and immigration. aElectronic books. aElectronic books.1 aKnipple, Angela.1 aEdge, John T.08iPrint version:aKnipple, PaultWorld in a Skillet : A Food Lover's Tour of the New American SouthdChapel Hill : The University of North Carolina Press, c2012z9780807835173.20230123122144.0 cNUST